Zamestnanecké vzťahy v štátnej službe s osobitným zreteľom na vybrané charakteristické črty týchto vzťahov

Zamestnanecké vzťahy v štátnej službe sú vzťahmi zvýšených práv a povinností subjektov týchto vzťahov v porovnaní so všeobecnou mierou práv a povinností občanov. Vyjadrením verejnoprávnosti týchto vzťahov je existencia niektorých charakteristických znakov týchto vzťahov, ako aj ich osobitná, autonóm...

Descripción completa

Guardado en:
Detalles Bibliográficos
Autor principal: Kuril, Jozef
Formato: Capítulo de libro
Lenguaje:eslovaco
Materias:
Etiquetas: Agregar Etiqueta
Sin Etiquetas, Sea el primero en etiquetar este registro!

MARC

LEADER 00000naa a2200000 4500
001 0226984
005 20220718123535.6
041 0 |a slo 
044 |a SK 
245 1 0 |a Zamestnanecké vzťahy v štátnej službe s osobitným zreteľom na vybrané charakteristické črty týchto vzťahov  |c Jozef Kuril 
520 |a Zamestnanecké vzťahy v štátnej službe sú vzťahmi zvýšených práv a povinností subjektov týchto vzťahov v porovnaní so všeobecnou mierou práv a povinností občanov. Vyjadrením verejnoprávnosti týchto vzťahov je existencia niektorých charakteristických znakov týchto vzťahov, ako aj ich osobitná, autonómna úprava, legislatívne oddelená od právnej úpravy ostatných zamestnaneckých vzťahov. 
610 2 0 |a vzťahy pracovné 
610 2 0 |a vzťahy pracovnoprávne 
610 2 0 |a služba štátna 
610 2 0 |a zamestnanci 
610 2 0 |a legislatíva 
100 1 |a Kuril, Jozef